[Event "Anogia op 1st"]
[Site "Anogia"]
[Date "2012.08.03"]
[Round "7"]
[White "Kostouros, Alexandros"]
[Black "Psoma, Virginia"]
[Result "1-0"]
[WhiteElo "2124"]
[BlackElo "1591"]
[PlyCount "79"]
[EventDate "2012.07.30"]
[EventType "swiss"]
[EventRounds "7"]
[EventCountry "GRE"]
[SourceTitle "EXT 2013"]
[Source "ChessBase"]
[SourceDate "2012.11.22"]
[SourceVersion "1"]
[SourceVersionDate "2012.11.22"]
[SourceQuality "1"]

1. e4 g6 2. d4 Bg7 3. c4 d6 4. Nc3 Nf6 5. Bd3 0-0 6. f4 Nc6 7. Nf3 a6 8. 0-0 Bg4 9. Be3 Nd7 10. Ne2 Nb4 11. h3 Bxf3 12. Rxf3 Nxd3 13. Qxd3 c5 14. d5 b5 15. Rb1 b4 16. b3 a5 17. g4 a4 18. Kf2 axb3 19. axb3 Ra1 20. Nc1 Qa5 21. Kg3 Ra8 22. Rf2 Rxb1 23. Qxb1 Qa1 24. Qxa1 Rxa1 25. Ra2 Rxa2 26. Nxa2 Kf8 27. Nc1 Ke8 28. Nd3 Bc3 29. Kf3 Nb6 30. e5 Nd7 31. Ke4 Nb6 32. f5 Nxc4 33. bxc4 b3 34. exd6 exd6 35. Bc1 Ke7 36. fxg6 fxg6 37. Bb2 Bxb2 38. Nxb2 Kf6 39. h4 h6 40. Nd3 1-0

[Event "Glyfada New Year op"]
[Site "Glyfada"]
[Date "2011.01.09"]
[Round "7"]
[White "Mouratidis, Haralambos"]
[Black "Psoma, Virginia"]
[Result "1-0"]
[WhiteElo "1861"]
[BlackElo "1465"]
[PlyCount "93"]
[EventDate "2011.01.02"]
[EventType "swiss"]
[EventRounds "7"]
[EventCountry "GRE"]
[SourceTitle "EXT 2024"]
[Source "ChessBase"]
[SourceDate "2023.10.10"]
[SourceVersion "1"]
[SourceVersionDate "2023.10.10"]
[SourceQuality "1"]

1. e4 c5 2. b4 cxb4 3. d4 d5 4. exd5 Qxd5 5. c4 Qd8 6. Nf3 e6 7. Be2 Nf6 8. 0-0 Be7 9. a3 0-0 10. Qb3 Nc6 11. Rd1 bxa3 12. Bxa3 Qc7 13. Nc3 Bxa3 14. Rxa3 Rd8 15. d5 Ne7 16. Nd4 exd5 17. Ndb5 Qc5 18. Na4 Qc6 19. Nd4 Qc7 20. Nb6 Rb8 21. Rxa7 Bg4 22. Nf3 h6 23. cxd5 Qc5 24. Ra2 Nfxd5 25. Nxd5 Nxd5 26. Rad2 Be6 27. Bc4 Kh7 28. Bxd5 Bxd5 29. Rxd5 Rxd5 30. Qxd5 Qc2 31. Qd3+ Qxd3 32. Rxd3 f6 33. Rb3 Kg6 34. Kf1 Kf7 35. Nd4 Ke8 36. Nc6 Rc8 37. Na5 Rb8 38. Rxb7 Rxb7 39. Nxb7 Kd7 40. Ke2 Ke6 41. Ke3 Kd5 42. h4 Ke5 43. g4 f5 44. f4+ Kf6 45. g5+ Kg6 46. Nd6 hxg5 47. hxg5 1-0

[Event "Glyfada New Year op"]
[Site "Glyfada"]
[Date "2011.01.02"]
[Round "1"]
[White "Delithanasis, Dimitrios"]
[Black "Psoma, Virginia"]
[Result "1-0"]
[WhiteElo "2238"]
[BlackElo "1465"]
[PlyCount "57"]
[EventDate "2011.01.02"]
[EventType "swiss"]
[EventRounds "7"]
[EventCountry "GRE"]
[SourceTitle "EXT 2024"]
[Source "ChessBase"]
[SourceDate "2023.10.10"]
[SourceVersion "1"]
[SourceVersionDate "2023.10.10"]
[SourceQuality "1"]

1. d4 Nf6 2. Nf3 g6 3. c4 Bg7 4. b4 d6 5. Bb2 0-0 6. e3 c5 7. b5 Be6 8. Nbd2 Qc7 9. Be2 h6 10. 0-0 Nbd7 11. a4 d5 12. Rc1 dxc4 13. Nxc4 b6 14. Nce5 Rac8 15. Nc6 Nb8 16. Nfe5 Nxc6 17. Nxc6 Bd5 18. Bf3 Bxc6 19. Bxc6 Nd7 20. Ba3 Rfd8 21. Qb3 Nb8 22. Bf3 Nd7 23. Rfd1 Bf8 24. h3 e6 25. Bb2 Qb8 26. d5 Qd6 27. dxe6 Qxe6 28. Qc3 Qe7 29. Qh8# 1-0